000 00520nam a22001697a 4500
005 20150806140151.0
010 _aENG-113797
020 _a9789351434863
_c295.00
035 _aEN-97329
037 _bDBAD/PUB
245 _aShort notes & multiple choice questions: the indian evidence act (act of 1872) /
250 _a2nd ed
260 _aGurgaon
_bLexisNexis
_c2015
270 _a14th Floor, Building No.10, Tower-B, DLF Cyber City, Phase-II
_bGurgaon
_e122002
300 _av,254p.
_c25cm(pbk)
942 _2ddc
_cEN
_mIND
999 _c95557
_d95557